000 00535cam a22001457a 4500
008 180718b2001 xxu||||| |||| 00| 0 eng d
082 _aAPPPA 2000-01 RED
100 _aReddy, P.N.
245 _aElectronic governance in India: a study of pilot projects in Andhra Pradesh
_cby P.N. Reddy
260 _aNew Delhi
_bIndian Institute of Public Administration
_c2001
300 _a106p.
650 _aPublic administration - Andhra Pradesh
650 _aGovernance - India
650 _aInformation technolohy - Case study - Andhara Pradesh
999 _c490912
_d490912